Statistiken für Meistbesuchte Länder von Amerikanern

Klicken Sie hier um das Quiz zu spielen!

Allgemein

  • Dieses Quiz wurde 6.524 mal gespielt
  • Das Durchschnittsergebnis liegt bei 14 aus 21

Antwortstatistiken

#Land% Korrekt
1.77 Mio.Deutschland
99%
12.5 Mio.Kanada
98%
2.36 Mio.Frankreich
97%
28.7 Mio.Mexiko
97%
1.31 Mio.Spanien
95%
1.77 Mio.China
93%
2.03 Mio.Italien
92%
885 Tsd.Japan
90%
2.89 Mio.Vereinigtes Königreich
90%
1.08 Mio.Indien
70%
787 Tsd.Irland
64%
557 Tsd.Schweiz
62%
1.51 Mio.Niederlande
61%
1.12 Mio.Bahamas
58%
1.51 Mio.Jamaika
53%
689 Tsd.Kolumbien
46%
2.79 Mio.Dominikanische Republik
45%
984 Tsd.Costa Rica
37%
820 Tsd.Philippinen
33%
557 Tsd.Israel
23%
557 Tsd.Taiwan
21%

Verteilung der Resultate

Perzentil nach korrekt beantworteten Fragen

Anzahl Personen mit jedem Resultat

Ihre Resultats-Entwicklung

Sie haben dieses Quiz noch nicht gespielt